[Event "FRA-chT U20 16 GP Haute 1213"]
[Site "France"]
[Date "2013.05.18"]
[Round "8"]
[White "Venard, Paul Andre"]
[Black "Lam Roques, Kalvin"]
[Result "1-0"]
[WhiteElo "1868"]
[BlackElo "2015"]
[PlyCount "77"]
[EventDate "2012.12.01"]
[EventType "team"]
[EventRounds "11"]
[EventCountry "FRA"]
[SourceTitle "EXT 2014"]
[Source "ChessBase"]
[SourceDate "2013.11.20"]
[SourceVersion "1"]
[SourceVersionDate "2013.11.20"]
[SourceQuality "1"]
[WhiteTeam "Nancy (U20)"]
[BlackTeam "Bois Colombes (U20)"]
[WhiteTeamCountry "FRA"]
[BlackTeamCountry "FRA"]

1. d4 Nf6 2. c4 g6 3. Nf3 Bg7 4. g3 0-0 5. Bg2 d6 6. 0-0 Nbd7 7. Qc2 c6 8. Nc3 Qc7 9. h3 b5 10. d5 Nc5 11. dxc6 bxc4 12. Nd4 a6 13. Rd1 e5 14. Ndb5 axb5 15. Nxb5 Qb6 16. Nxd6 Nb3 17. Nxc4 Qb4 18. Bd2 Nxa1 19. Rxa1 Qe7 20. a3 Qc7 21. b4 Ba6 22. a4 e4 23. Rb1 Bxc4 24. Qxc4 Rxa4 25. Qc5 Rb8 26. b5 Bf8 27. Qc2 Rba8 28. Bg5 Qd6 29. Bxf6 Qxf6 30. Bxe4 Ra1 31. b6 Rxb1+ 32. Qxb1 Bc5 33. b7 Qxf2+ 34. Kh1 Rb8 35. c7 Qxg3 36. c8Q+ Kg7 37. Qxc5 Qxh3+ 38. Kg1 Qg4+ 39. Kf1 1-0

[Event "FRA-chT U20 GpB 1213"]
[Site "France"]
[Date "2012.12.02"]
[Round "2"]
[White "Lam Roques, Kalvin"]
[Black "Auvray, Honorine"]
[Result "1-0"]
[WhiteElo "2015"]
[BlackElo "1808"]
[PlyCount "101"]
[EventDate "2012.12.01"]
[EventType "team"]
[EventRounds "7"]
[EventCountry "FRA"]
[SourceTitle "EXT 2014"]
[Source "ChessBase"]
[SourceDate "2013.11.20"]
[SourceVersion "1"]
[SourceVersionDate "2013.11.20"]
[SourceQuality "1"]
[WhiteTeam "Bois Colombes (U20)"]
[BlackTeam "Agneaux Saint Lo (U20)"]
[WhiteTeamCountry "FRA"]
[BlackTeamCountry "FRA"]

1. g3 g6 2. Bg2 Bg7 3. Nf3 c5 4. 0-0 Nc6 5. c4 Nf6 6. d4 d5 7. dxc5 dxc4 8. Qa4 0-0 9. Qxc4 Na5 10. Qh4 Bf5 11. Nc3 Qc7 12. b4 Nc6 13. Bf4 Qc8 14. a3 Nh5 15. Bd2 Bf6 16. Qc4 Be6 17. Qe4 Bf5 18. Qc4 Be6 19. Qe4 Bf5 20. Qe3 Rd8 21. Rad1 a5 22. Nb5 Bc2 23. Rc1 Ba4 24. Nc3 axb4 25. axb4 Ng7 26. Nxa4 Rxa4 27. Qb3 Qa8 28. b5 Ra3 29. Qb1 Nd4 30. Nxd4 Bxd4 31. Bg5 f6 32. Bf4 e5 33. Bd2 Bxf2+ 34. Rxf2 Rxd2 35. Rxf6 Re3 36. Qa1 Qb8 37. Bd5+ Kh8 38. Bxb7 Nh5 39. Ra6 Qxb7 40. Ra8+ Kg7 41. Ra7 Rexe2 42. Rxb7+ Kh6 43. Rxh7+ Kg5 44. Rxh5+ Kxh5 45. Qa8 e4 46. Qh8+ Kg4 47. Qh4+ Kf5 48. Rf1+ Ke5 49. b6 Rg2+ 50. Kh1 e3 51. b7 1-0

[Event "FRA-chT U20 GpB 1213"]
[Site "France"]
[Date "2012.12.02"]
[Round "3.1"]
[White "Rioland, Paul"]
[Black "Lam Roques, Kalvin"]
[Result "1/2-1/2"]
[WhiteElo "1845"]
[BlackElo "2015"]
[PlyCount "72"]
[EventDate "2012.12.01"]
[EventType "team"]
[EventRounds "7"]
[EventCountry "FRA"]
[SourceTitle "EXT 2014"]
[Source "ChessBase"]
[SourceDate "2013.11.20"]
[SourceVersion "1"]
[SourceVersionDate "2013.11.20"]
[SourceQuality "1"]
[WhiteTeam "Tours (U20)"]
[BlackTeam "Bois Colombes (U20)"]
[WhiteTeamCountry "FRA"]
[BlackTeamCountry "FRA"]

1. e4 c5 2. Nf3 d6 3. d4 cxd4 4. Qxd4 Bd7 5. c4 Nc6 6. Qd2 Nf6 7. Nc3 e6 8. Be2 a6 9. 0-0 Be7 10. b3 0-0 11. Ba3 Qa5 12. Bxd6 Bxd6 13. Qxd6 Qxc3 14. e5 Rad8 15. exf6 Qxf6 16. Qc7 Bc8 17. c5 Rd5 18. Bxa6 Ne5 19. Be2 Nd7 20. c6 Rc5 21. Rac1 Rxc6 22. Rxc6 bxc6 23. Qxc6 Qb2 24. Bc4 Qxa2 25. b4 Qb2 26. b5 Nb8 27. Qe4 Rd8 28. Rb1 Bb7 29. Qxh7+ Kxh7 30. Rxb2 Rd1+ 31. Bf1 Bd5 32. Nd2 Nd7 33. f3 Kg6 34. Kf2 Kf6 35. b6 Nxb6 36. Be2 Na4 1/2-1/2

[Event "Paris-ch op-B 87th"]
[Site "Paris"]
[Date "2012.07.14"]
[Round "8"]
[White "Valenti, Richard"]
[Black "Lam Roques, Kalvin"]
[Result "1-0"]
[WhiteElo "2149"]
[BlackElo "2039"]
[PlyCount "63"]
[EventDate "2012.07.07"]
[EventType "swiss"]
[EventRounds "9"]
[EventCountry "FRA"]
[SourceTitle "EXT 2013"]
[Source "ChessBase"]
[SourceDate "2012.11.22"]
[SourceVersion "1"]
[SourceVersionDate "2012.11.22"]
[SourceQuality "1"]

1. e4 c5 2. Nf3 Nc6 3. d3 g6 4. g3 Bg7 5. Bg2 b5 6. a4 b4 7. 0-0 Rb8 8. Nbd2 d6 9. Nc4 e6 10. Bf4 e5 11. Bc1 Nge7 12. Nfd2 Be6 13. f4 Qd7 14. f5 gxf5 15. exf5 Bxf5 16. Ne4 Bxe4 17. dxe4 Rd8 18. Qh5 Ng6 19. Bh3 Qe7 20. Ne3 Nd4 21. Nd5 Qb7 22. Bg5 0-0 23. c3 bxc3 24. bxc3 Nc6 25. Rab1 Qa6 26. Bxd8 Rxd8 27. a5 Qc4 28. Rb7 Qxe4 29. Rfxf7 Qxd5 30. Be6 Qxe6 31. Rxg7+ Kf8 32. Qxh7 1-0

[Event "Paris-ch op-B 87th"]
[Site "Paris"]
[Date "2012.07.10"]
[Round "4"]
[White "Lam Roques, Kalvin"]
[Black "Forget, Cyril"]
[Result "1-0"]
[WhiteElo "2039"]
[BlackElo "1935"]
[PlyCount "49"]
[EventDate "2012.07.07"]
[EventType "swiss"]
[EventRounds "9"]
[EventCountry "FRA"]
[SourceTitle "EXT 2013"]
[Source "ChessBase"]
[SourceDate "2012.11.22"]
[SourceVersion "1"]
[SourceVersionDate "2012.11.22"]
[SourceQuality "1"]

1. e4 c6 2. d4 d5 3. Nc3 dxe4 4. Nxe4 Nd7 5. Nf3 Ngf6 6. Ng3 e6 7. Bd3 Be7 8. c4 0-0 9. 0-0 b6 10. Qe2 c5 11. Rd1 Qc7 12. d5 Nb8 13. dxe6 Bxe6 14. Ng5 Bg4 15. f3 Bc8 16. b3 Nc6 17. Bb2 h6 18. N5e4 Nh7 19. Re1 Be6 20. Rad1 Rad8 21. Qe3 Rfe8 22. Bxg7 Kxg7 23. Nh5+ Kh8 24. Nef6 Rxd3 25. Qxh6 1-0

[Event "FRA-chT U20"]
[Site "France"]
[Date "2012.05.27"]
[Round "?"]
[White "Gelas, Christophe"]
[Black "Lam Roques, Kalvin"]
[Result "0-1"]
[WhiteElo "2167"]
[BlackElo "1985"]
[PlyCount "108"]
[EventDate "2012.05.26"]
[EventType "team-swiss"]
[EventRounds "9"]
[EventCountry "FRA"]
[SourceTitle "EXT 2014"]
[Source "ChessBase"]
[SourceDate "2013.11.20"]
[SourceVersion "1"]
[SourceVersionDate "2013.11.20"]
[SourceQuality "1"]

1. d4 Nf6 2. c4 c5 3. d5 b5 4. cxb5 a6 5. bxa6 Bxa6 6. Nc3 g6 7. g3 Bg7 8. Bg2 d6 9. Nf3 0-0 10. 0-0 Nbd7 11. Qc2 Qc7 12. Rd1 Rfb8 13. Rb1 Rb7 14. h4 Nb6 15. e4 Nfd7 16. h5 Nc4 17. hxg6 hxg6 18. Ng5 Qa5 19. Bd2 Nxd2 20. Qxd2 Rab8 21. Qc2 Ne5 22. f4 Bd3 23. Rxd3 Nxd3 24. Qxd3 Bxc3 25. e5 Rxb2 26. Rxb2 Rxb2 27. g4 Bd4+ 28. Kh2 Qxa2 29. Qh3 Rxg2+ 30. Qxg2 Qxg2+ 31. Kxg2 dxe5 32. Kf3 exf4 33. Kxf4 Kg7 34. Ke4 Bb2 35. Kd3 Bd4 36. Ke4 Kf8 37. Nf3 Ke8 38. Ng5 Bf6 39. Nf3 Kd7 40. Nd2 Bh4 41. Nc4 Bg3 42. Nd2 Kc7 43. Kd3 Be5 44. Ne4 Bd4 45. Ng5 f5 46. gxf5 gxf5 47. Kc4 Be3 48. Nf7 Kd7 49. Ne5+ Ke8 50. Kd3 Bd4 51. Nc6 Kd7 52. Kc4 e5 53. Na5 e4 54. Nb3 Kd6 0-1

[Event "FRA-chT U20 1112"]
[Site "France"]
[Date "2011.12.04"]
[Round "2"]
[White "Lam Roques, Kalvin"]
[Black "Kambrath, Yannick"]
[Result "1/2-1/2"]
[WhiteElo "1931"]
[BlackElo "2184"]
[PlyCount "42"]
[EventDate "2011.12.03"]
[EventType "team-swiss"]
[EventRounds "7"]
[EventCountry "FRA"]
[SourceTitle "EXT 2013"]
[Source "ChessBase"]
[SourceDate "2012.11.22"]
[SourceVersion "1"]
[SourceVersionDate "2012.11.22"]
[SourceQuality "1"]

1. e4 e5 2. Nf3 d6 3. Nc3 Nf6 4. Be2 Be7 5. d4 exd4 6. Nxd4 0-0 7. Be3 Re8 8. 0-0 a6 9. a4 c5 10. Nf3 Nc6 11. h3 h6 12. Bd3 Bf8 13. Re1 Nb4 14. e5 dxe5 15. Nxe5 Nxd3 16. Nxd3 c4 17. Nf4 Bf5 18. Re2 Qa5 19. Rd2 Be6 20. Nfd5 Nxd5 21. Nxd5 Bc5 1/2-1/2

[Event "FRA-chT U20 16 GP Basse 1011"]
[Site "France"]
[Date "2011.06.12"]
[Round "9"]
[White "Lam Roques, Kalvin"]
[Black "Gerstenkorn, Jim David"]
[Result "0-1"]
[WhiteElo "1867"]
[BlackElo "1500"]
[PlyCount "62"]
[EventDate "2010.06.20"]
[EventType "team-tourn"]
[EventRounds "11"]
[EventCountry "FRA"]
[SourceTitle "EXT 2015"]
[Source "ChessBase"]
[SourceDate "2014.11.20"]
[SourceVersion "1"]
[SourceVersionDate "2014.11.20"]
[SourceQuality "1"]
[WhiteTeam "Bois Colombes (U20)"]
[BlackTeam "Lyon (U20)"]
[WhiteTeamCountry "FRA"]
[BlackTeamCountry "FRA"]

1. e4 c5 2. Nc3 d6 3. g3 Nc6 4. Bg2 Nf6 5. Nge2 g6 6. 0-0 Bg7 7. d3 Bd7 8. h3 0-0 9. Be3 Rb8 10. Qd2 Na5 11. Bh6 Bxh6 12. Qxh6 c4 13. d4 e5 14. d5 b5 15. f4 b4 16. Nb1 Qb6+ 17. Kh2 Qe3 18. Re1 Nxe4 19. Nd2 Nxd2 20. Ng1 Qd4 21. fxe5 Rfe8 22. Ne2 Qxe5 23. Qxd2 Qxb2 24. Rab1 c3 25. Qd3 Qxa2 26. Ra1 Qc4 27. Rxa5 Qxd3 28. cxd3 c2 29. Raa1 b3 30. Nc3 Rxe1 31. Rxe1 b2 0-1

[Event "FRA-chT U20 16 GP Basse 1011"]
[Site "France"]
[Date "2011.06.12"]
[Round "8"]
[White "Robic, Damien"]
[Black "Lam Roques, Kalvin"]
[Result "0-1"]
[WhiteElo "1494"]
[BlackElo "1867"]
[PlyCount "56"]
[EventDate "2010.06.20"]
[EventType "team-tourn"]
[EventRounds "11"]
[EventCountry "FRA"]
[SourceTitle "EXT 2015"]
[Source "ChessBase"]
[SourceDate "2014.11.20"]
[SourceVersion "1"]
[SourceVersionDate "2014.11.20"]
[SourceQuality "1"]
[WhiteTeam "Hyeres (U20)"]
[BlackTeam "Bois Colombes (U20)"]
[WhiteTeamCountry "FRA"]
[BlackTeamCountry "FRA"]

1. e4 c5 2. Nf3 d6 3. d4 cxd4 4. Nxd4 Nf6 5. Nc3 g6 6. Be3 Bg7 7. f3 Nc6 8. Qd2 0-0 9. Bc4 Bd7 10. 0-0-0 Qb8 11. h4 Rc8 12. Bb3 a5 13. a4 Ne5 14. h5 Nc4 15. Bxc4 Rxc4 16. hxg6 hxg6 17. b3 Rc8 18. Rh2 d5 19. exd5 Rxc3 20. Qxc3 Qxh2 21. Qc5 Qe5 22. Ne2 Rc8 23. Qd4 Qc7 24. Rd2 Ng4 25. Qf4 Nxe3 26. Qxe3 Qd6 27. c4 Qa3+ 28. Kd1 Rxc4 0-1

[Event "Syre Memorial op 34th"]
[Site "Issy les Moulineaux"]
[Date "2011.06.04"]
[Round "5"]
[White "Lam Roques, Kalvin"]
[Black "Simon, Olivier"]
[Result "0-1"]
[WhiteElo "1876"]
[BlackElo "2342"]
[PlyCount "44"]
[EventDate "2011.06.03"]
[EventType "swiss"]
[EventRounds "6"]
[EventCountry "FRA"]
[SourceTitle "EXT 2012"]
[Source "ChessBase"]
[SourceDate "2011.11.24"]
[SourceVersion "1"]
[SourceVersionDate "2011.11.24"]
[SourceQuality "1"]

1. e4 c5 2. Nc3 g6 3. f4 Bg7 4. Nf3 Nc6 5. g3 Rb8 6. Bg2 b5 7. 0-0 d6 8. h3 e6 9. d3 Nge7 10. Ne2 Qb6 11. c3 f5 12. Be3 a5 13. Qd2 0-0 14. Kh2 h6 15. Bg1 Ba6 16. Rfe1 b4 17. Rab1 bxc3 18. bxc3 Qxb1 19. Rxb1 Rxb1 20. e5 Rfb8 21. c4 R8b2 22. Qe3 d5 0-1

[Event "FRA-ch U14"]
[Site "Montlucon"]
[Date "2011.04.19"]
[Round "4"]
[White "Lam Roques, Kalvin"]
[Black "Vuddamalay, Milan"]
[Result "1-0"]
[WhiteElo "1876"]
[BlackElo "1703"]
[PlyCount "96"]
[EventDate "2011.04.17"]
[EventType "swiss"]
[EventRounds "9"]
[EventCountry "FRA"]
[SourceTitle "CBM 142 Extra"]
[Source "ChessBase"]
[SourceDate "2011.06.27"]
[SourceVersion "1"]
[SourceVersionDate "2011.06.27"]
[SourceQuality "1"]

1. e3 d5 2. f4 Nf6 3. Nf3 c5 4. b3 g6 5. Bb2 Bg7 6. Be2 Nc6 7. 0-0 0-0 8. h3 Re8 9. d3 Nh5 10. Bxg7 Kxg7 11. Qe1 e5 12. fxe5 Nxe5 13. Qf2 Nxf3+ 14. Bxf3 Nf6 15. Nd2 Be6 16. Rae1 Qe7 17. e4 d4 18. Qg3 Rad8 19. Rf2 b5 20. Ref1 Nd7 21. Be2 f6 22. Nf3 Bg8 23. Nh4 Qe5 24. Qf3 Qg5 25. g3 Rf8 26. Qg2 Be6 27. Nf3 Qh6 28. g4 Ne5 29. Nxe5 fxe5 30. Qg3 Rf4 31. Rxf4 exf4 32. Rxf4 Qg5 33. h4 Qe7 34. g5 Qc7 35. Qf2 Qe5 36. Rf6 a5 37. Qf4 Qxf4 38. Rxf4 Re8 39. Kg2 Bd7 40. Rf6 a4 41. Rd6 Be6 42. Rb6 axb3 43. axb3 Bd7 44. Rb7 Re7 45. Bg4 Bxg4 46. Rxe7+ Kf8 47. Rc7 c4 48. bxc4 bxc4 1-0

[Event "FRA-ch U14"]
[Site "Montlucon"]
[Date "2011.04.18"]
[Round "3"]
[White "Lamard, Guillaume"]
[Black "Lam Roques, Kalvin"]
[Result "1-0"]
[WhiteElo "2162"]
[BlackElo "1876"]
[PlyCount "61"]
[EventDate "2011.04.17"]
[EventType "swiss"]
[EventRounds "9"]
[EventCountry "FRA"]
[SourceTitle "CBM 142 Extra"]
[Source "ChessBase"]
[SourceDate "2011.06.27"]
[SourceVersion "1"]
[SourceVersionDate "2011.06.27"]
[SourceQuality "1"]

1. d4 d5 2. c4 e6 3. Nc3 Nf6 4. cxd5 exd5 5. Bg5 Be7 6. Qc2 c6 7. e3 Nbd7 8. Bd3 h6 9. Bf4 0-0 10. h3 a6 11. Nf3 Re8 12. 0-0 c5 13. Ne5 b5 14. Nxd7 Bxd7 15. dxc5 Bxc5 16. Nxb5 Rc8 17. Nc3 Qb6 18. Na4 Qa5 19. Nxc5 Rxc5 20. Qd1 Bb5 21. b4 Qxb4 22. Bd6 Rec8 23. Bxc5 Qxc5 24. Bxb5 axb5 25. Rc1 Qf8 26. Qb3 Rc5 27. Qb4 Rc4 28. Qxb5 Rb4 29. Qc5 Qb8 30. Qc8+ Kh7 31. Qf5+ 1-0

[Event "Paris-ch op-B"]
[Site "Paris"]
[Date "2009.07.09"]
[Round "6"]
[White "Lam Roques, Kalvin"]
[Black "Spoone, John Paul"]
[Result "1-0"]
[WhiteElo "1696"]
[BlackElo "1770"]
[PlyCount "69"]
[EventDate "2009.07.04"]
[EventType "swiss"]
[EventRounds "9"]
[EventCountry "FRA"]
[SourceTitle "EXT 2010"]
[Source "ChessBase"]
[SourceDate "2010.11.25"]
[SourceVersion "1"]
[SourceVersionDate "2010.11.25"]
[SourceQuality "1"]

1. e4 c5 2. Nc3 Nc6 3. f4 g6 4. Nf3 Bg7 5. h3 e6 6. g4 Nd4 7. Bg2 Nxf3+ 8. Qxf3 Qh4+ 9. Qf2 Qxf2+ 10. Kxf2 Bd4+ 11. Kg3 a6 12. e5 f6 13. exf6 Nxf6 14. Ne2 e5 15. c3 exf4+ 16. Nxf4 Be5 17. Re1 d6 18. d4 g5 19. dxe5 gxf4+ 20. Bxf4 dxe5 21. Bxe5 0-0 22. Rf1 Bd7 23. Bxf6 Rae8 24. Bxb7 Re3+ 25. Kg2 Rfe8 26. Bd5+ Be6 27. Bxe6+ R8xe6 28. Rf2 h5 29. gxh5 Kh7 30. Bg5 Rd3 31. Raf1 Rd7 32. Rf7+ Rxf7 33. Rxf7+ Kg8 34. Re7 Re2+ 35. Rxe2 1-0

[Event "FRA-chT U20 0809"]
[Site "Sautron"]
[Date "2009.01.03"]
[Round "6.5"]
[White "Dias, Theodore"]
[Black "Lam Roques, Kalvin"]
[Result "1-0"]
[WhiteElo "1710"]
[BlackElo "1722"]
[PlyCount "123"]
[EventDate "2008.10.??"]
[EventType "team-tourn"]
[EventRounds "11"]
[EventCountry "FRA"]
[SourceTitle "EXT 2010"]
[Source "ChessBase"]
[SourceDate "2010.11.25"]
[SourceVersion "1"]
[SourceVersionDate "2010.11.25"]
[SourceQuality "1"]

1. e4 c5 2. Nf3 d6 3. d4 cxd4 4. Nxd4 Nf6 5. Nc3 g6 6. f3 Bg7 7. Be3 Nc6 8. Bc4 Bd7 9. Qd2 0-0 10. 0-0-0 Rc8 11. Bb3 Ne5 12. Bh6 Nc4 13. Bxc4 Rxc4 14. Bxg7 Kxg7 15. g4 Qc7 16. h4 Rc8 17. h5 Rxc3 18. Qxc3 Qxc3 19. bxc3 Rxc3 20. hxg6 hxg6 21. Kb2 Rc7 22. Rb1 e5 23. Nb3 Bb5 24. Rh2 Nh7 25. Rd1 Rc6 26. Rhd2 Ng5 27. Rf2 Kf8 28. Rh1 Ke7 29. Rh8 Rc7 30. Na5 Ba6 31. Nb3 Bb5 32. Na5 b6 33. Nb3 Bc6 34. Rh1 Bb7 35. Rd1 Ba6 36. Nc1 Bb5 37. Nd3 a5 38. Rb1 Bc4 39. Ne1 a4 40. Rd1 b5 41. a3 Rb7 42. Rfd2 Rd7 43. Kc3 Rc7 44. Kb4 Rd7 45. Ka5 Ne6 46. c3 Nc5 47. Kb4 Nb3 48. Rh2 Nc5 49. Rg2 Ne6 50. Rgd2 Nd8 51. Ka5 Ne6 52. Nd3 Rd8 53. Nb4 Nc5 54. Nc6+ Ke8 55. Nxd8 Nb3+ 56. Kb6 Nxd2 57. Rxd2 Kxd8 58. Rxd6+ Ke7 59. Rd2 Kf6 60. Kc5 Ke6 61. g5 Bf1 62. Kc6 1-0

[Event "FRA-chT U20 0809"]
[Site "Sautron"]
[Date "2009.01.02"]
[Round "4.5"]
[White "Bole, Oscar"]
[Black "Lam Roques, Kalvin"]
[Result "1/2-1/2"]
[WhiteElo "1662"]
[BlackElo "1722"]
[PlyCount "112"]
[EventDate "2008.10.??"]
[EventType "team-tourn"]
[EventRounds "11"]
[EventCountry "FRA"]
[SourceTitle "EXT 2010"]
[Source "ChessBase"]
[SourceDate "2010.11.25"]
[SourceVersion "1"]
[SourceVersionDate "2010.11.25"]
[SourceQuality "1"]

1. d4 d5 2. c4 e6 3. a3 Nf6 4. Bg5 Nbd7 5. Nc3 Be7 6. Bxf6 Nxf6 7. e3 0-0 8. Nf3 b6 9. cxd5 exd5 10. Be2 Bb7 11. Qd2 c5 12. 0-0 Rc8 13. Rac1 Ne4 14. Nxe4 dxe4 15. Ne5 Bg5 16. Rfd1 cxd4 17. Rxc8 Qxc8 18. Qxd4 Rd8 19. Qa4 Bf6 20. Rxd8+ Qxd8 21. Qxa7 Bxe5 22. Qxb7 Bxb2 23. Qxe4 Bxa3 24. Bd3 g6 25. h3 Qe7 26. Qf3 Qc5 27. Qd1 Qc1 28. Qxc1 Bxc1 29. Kf1 f6 30. Ke2 Kf7 31. Kf3 Ke6 32. Ke4 f5+ 33. Kf4 h6 34. g4 g5+ 35. Kf3 f4 36. h4 Ke5 37. hxg5 hxg5 38. Ke2 fxe3 39. fxe3 Ba3 40. Kf3 Kd5 41. Ba6 Bd6 42. e4+ Kd4 43. Be2 Bf4 44. Ba6 Kc3 45. Ke2 Kd4 46. Kf3 Be5 47. Be2 Kc5 48. Ke3 b5 49. Kd2 b4 50. Kc2 Kd4 51. Kb3 Bd6 52. Bd1 Kxe4 53. Kb2 Be5+ 54. Ka2 Bc3 55. Kb3 Ke3 56. Bc2 Kd4 1/2-1/2